[Event "Heart of America Class"]
[Site "Springfield"]
[Date "2004.07.24"]
[Round "1"]
[White "Crockett, Mike"]
[Black "Guo, Kevin"]
[Result "1-0"]
[WhiteElo "1903"]
[BlackElo "1726"]
[PlyCount "65"]
[EventDate "2004.07.25"]
[EventType "swiss"]
[EventRounds "5"]
[EventCountry "USA"]
[EventCategory "1"]
[SourceTitle "EXT 2006"]
[Source "ChessBase"]
[SourceDate "2005.11.24"]
[SourceVersion "1"]
[SourceVersionDate "2005.11.24"]
[SourceQuality "1"]

1. Nf3 d5 2. g3 Nc6 3. d4 Bf5 4. Bg2 Nf6 5. 0-0 e6 6. c4 Be7 7. Nc3 0-0 8. cxd5 exd5 9. a3 Na5 10. Ne5 Nc6 11. Bf4 a6 12. Rc1 Rc8 13. Re1 h6 14. Nxc6 bxc6 15. Qa4 c5 16. dxc5 Bxc5 17. Nxd5 Nxd5 18. Rxc5 Nxf4 19. Qxf4 Be6 20. Rec1 Qd6 21. Bb7 Qxf4 22. gxf4 Rcd8 23. Bxa6 Bh3 24. Bd3 f5 25. Rxc7 Rd4 26. R1c4 Rf6 27. f3 Rdd6 28. b4 Rg6+ 29. Kf2 h5 30. b5 Rg2+ 31. Ke3 Re6+ 32. Kd4 Rxh2 33. R4c6 1-0